The medieval machine : the industrial revolution of the Middle Ages /

保存先:
書誌詳細
第一著者: Gimpel, Jean
フォーマット: 図書
言語:English
French
出版事項: London : Book Club Assoc., 1977, c1976.
主題:
LEADER 01303nam a2200313 a 4500
001 c000228897
003 CARM
005 20070116114617.0
008 000110t19771976enkabeh b 001 0 eng d
019 1 |a 21265313  |5 LACONCORD2021 
035 |a (OCoLC)222680566  |5 LACONCORD2021 
040 |a SUA  |b eng  |c SUA 
041 1 |a eng  |h fre 
043 |a e------ 
082 0 4 |a 330.94/01  |2 21 
100 1 |a Gimpel, Jean. 
240 1 0 |a Révolution industrielle du Moyen Age.  |l English 
245 1 4 |a The medieval machine :  |b the industrial revolution of the Middle Ages /  |c Jean Gimpel. 
260 |a London :  |b Book Club Assoc.,  |c 1977, c1976. 
300 |a xi, 274 p. :  |b ill., facsims., maps, plan ;  |c 24 cm. 
500 |a First published: London : Gollancz, 1977. 
500 |a Translation of: La révolution industrielle du Moyen Age. 
504 |a Includes bibliographical references and index. 
650 0 |a Economic history  |y Medieval, 500-1500. 
650 0 |a Technological innovations  |x Economic aspects  |z Europe  |x History. 
651 0 |a Europe  |x Economic conditions  |y To 1492. 
852 8 |b CARM  |h A1:AP15C0  |i C08910  |p 0274236  |f BK 
999 f f |i 912292fc-dd6d-5db4-b7a0-a01f29bb1550  |s ab3d2534-483e-57cd-9122-2b2e138e5625 
952 f f |p Can circulate  |a CAVAL  |b CAVAL  |c CAVAL  |d CARM 1 Store  |e C08910  |f A1:AP15C0  |h Other scheme  |i book  |m 0274236